[Event "North Bay int."]
[Site "North Bay CAN"]
[Date "1999.08.06"]
[Round "6"]
[White "Nakamura, Hikaru"]
[Black "Baragar, Fletcher"]
[Result "0-1"]
[WhiteElo "2204"]
[BlackElo "2305"]
[PlyCount "90"]
[GameId "2160767911742661"]
[EventDate "1999.08.04"]
[EventType "swiss"]
[EventRounds "9"]
[EventCountry "CAN"]
[SourceTitle "EXT 2000"]
[Source "ChessBase"]
[SourceDate "1999.11.18"]
[SourceVersion "1"]
[SourceVersionDate "1999.11.18"]
[SourceQuality "1"]

1. e4 e6 2. d4 d5 3. Nc3 Bb4 4. e5 c5 5. Bd2 Ne7 6. Nb5 Bxd2+ 7. Qxd2 O-O 8. c3 Nbc6 9. f4 cxd4 10. cxd4 Nf5 11. Nf3 a6 12. Nc3 f6 13. Rd1 fxe5 14. fxe5 Bd7 15. Ne2 Qa5 16. Nc3 Qd8 17. Ne2 Rc8 18. Ng3 Nh4 19. Ng1 Qb6 20. a3 Na5 21. Nh3 Ba4 22. Qb4 Qxb4+ 23. axb4 Bxd1 24. bxa5 Ba4 25. Bd3 Rc1+ 26. Kd2 Rxh1 27. Nxh1 h6 28. g3 Nf3+ 29. Ke3 Nxh2 30. Nf4 Ng4+ 31. Kd2 Bd7 32. Be2 h5 33. Nxh5 Nf2 34. Nxf2 Rxf2 35. Ke3 Rh2 36. Nf4 g5 37. Nh5 Kf8 38. Nf6 Ke7 39. b3 Bb5 40. Bd1 Ra2 41. Nh7 Rg2 42. Nxg5 Rxg3+ 43. Nf3 Rg2 44. Nd2 Rg1 45. Bc2 Re1+ 0-1

[Event "North Bay int."]
[Site "North Bay CAN"]
[Date "1999.08.06"]
[Round "6"]
[White "Nickoloff, Bryon"]
[Black "Safranska, Anda"]
[Result "1-0"]
[WhiteElo "2421"]
[BlackElo "2267"]
[PlyCount "85"]
[GameId "2160767911742662"]
[EventDate "1999.08.04"]
[EventType "swiss"]
[EventRounds "9"]
[EventCountry "CAN"]
[SourceTitle "EXT 2000"]
[Source "ChessBase"]
[SourceDate "1999.11.18"]
[SourceVersion "1"]
[SourceVersionDate "1999.11.18"]
[SourceQuality "1"]

1. d4 Nf6 2. c4 g6 3. Nc3 Bg7 4. e4 d6 5. Be2 O-O 6. Nf3 e5 7. Be3 Ng4 8. Bg5 f6 9. Bh4 Nc6 10. d5 Ne7 11. Nd2 Nh6 12. f3 g5 13. Bf2 f5 14. c5 Ng6 15. cxd6 cxd6 16. Nc4 Nf4 17. O-O g4 18. fxg4 Nxe2+ 19. Qxe2 Nxg4 20. exf5 Nxf2 21. Rxf2 Bxf5 22. Raf1 Bg6 23. Ne4 Rxf2 24. Rxf2 b5 25. Ncxd6 Qb6 26. g4 Bxe4 27. Nxe4 Qd4 28. Kg2 Qxd5 29. Qf3 Rd8 30. Rd2 Qa8 31. Qb3+ Kh8 32. Rxd8+ Qxd8 33. Qxb5 h6 34. Qe2 Qd5 35. b3 Qd4 36. h4 Bf8 37. Qf3 Bc5 38. g5 Be7 39. g6 Qd5 40. h5 Qe6 41. Ng3 a6 42. Nf5 Bf8 43. Qb7 1-0

[Event "North Bay int."]
[Site "North Bay CAN"]
[Date "1999.08.06"]
[Round "6"]
[White "Ottosen, David"]
[Black "Del Pilar, Reynaldo"]
[Result "1-0"]
[WhiteElo "2139"]
[BlackElo "2270"]
[PlyCount "89"]
[GameId "2160767911742663"]
[EventDate "1999.08.04"]
[EventType "swiss"]
[EventRounds "9"]
[EventCountry "CAN"]

1. e4 c5 2. Nf3 d6 3. d4 cxd4 4. Nxd4 Nf6 5. Nc3 Nc6 6. Bg5 e6 7. Qd2 Be7 8. O-O-O O-O 9. f4 h6 10. h4 a6 11. Bc4 Nxd4 12. Qxd4 b5 13. Bb3 Bb7 14. Qe3 Qc7 15. Bxf6 Bxf6 16. g4 Bxc3 17. bxc3 Rac8 18. Rh3 a5 19. g5 a4 20. gxh6 axb3 21. hxg7 b2+ 22. Kxb2 Rfe8 23. f5 exf5 24. Qh6 f6 25. Rg1 Bxe4 26. Qh8+ Kf7 27. g8=Q+ Rxg8 28. Qh7+ Ke6 29. Qxc7 Rxc7 30. Rxg8 f4 31. Kc1 Kf7 32. Rg1 Ra7 33. Kb2 f3 34. Rh2 f5 35. h5 Kf6 36. Rg6+ Ke5 37. h6 Rh7 38. Kc1 f2 39. Rxf2 f4 40. Rg5+ Bf5 41. Rh5 Ke4 42. Rh4 Ke3 43. Rhxf4 Be4 44. Rf6 Ra7 45. Kb2 1-0

[Event "North Bay int."]
[Site "North Bay CAN"]
[Date "1999.08.06"]
[Round "6"]
[White "Paragua, Mark"]
[Black "Zugic, Igor"]
[Result "1-0"]
[WhiteElo "2268"]
[BlackElo "2406"]
[PlyCount "73"]
[GameId "2160767911742664"]
[EventDate "1999.08.04"]
[EventType "swiss"]
[EventRounds "9"]
[EventCountry "CAN"]
[SourceTitle "EXT 2000"]
[Source "ChessBase"]
[SourceDate "1999.11.18"]
[SourceVersion "1"]
[SourceVersionDate "1999.11.18"]
[SourceQuality "1"]

1. e4 Nf6 2. e5 Nd5 3. d4 d6 4. c4 Nb6 5. exd6 cxd6 6. Nc3 g6 7. Be3 Bg7 8. h3 O-O 9. Nf3 Nc6 10. Rc1 e5 11. dxe5 dxe5 12. c5 Nd7 13. Bc4 Nd4 14. Nxd4 exd4 15. Bxd4 Re8+ 16. Ne2 Qa5+ 17. Rc3 Nxc5 18. Bxg7 Kxg7 19. Qd4+ f6 20. O-O Ne4 21. Ra3 Qc5 22. Rd1 Be6 23. Qxe4 Bxc4 24. Qxb7+ Kh8 25. Rd7 Bg8 26. Qf3 Qe5 27. Re3 Qxb2 28. Nd4 Qb6 29. Nc6 Qb1+ 30. Kh2 Rf8 31. Ree7 a5 32. Nd4 g5 33. Rb7 Qg6 34. Nf5 g4 35. hxg4 Rad8 36. Rg7 Bd5 37. Qh3 1-0

[Event "North Bay int."]
[Site "North Bay CAN"]
[Date "1999.08.06"]
[Round "6"]
[White "Wenaas, Eric"]
[Black "Filipovich, David"]
[Result "0-1"]
[WhiteElo "2156"]
[BlackElo "2236"]
[PlyCount "58"]
[GameId "2160767911742667"]
[EventDate "1999.08.04"]
[EventType "swiss"]
[EventRounds "9"]
[EventCountry "CAN"]
[SourceTitle "EXT 2000"]
[Source "ChessBase"]
[SourceDate "1999.11.18"]
[SourceVersion "1"]
[SourceVersionDate "1999.11.18"]
[SourceQuality "1"]

1. Nf3 d5 2. d4 c6 3. c4 Nf6 4. Nc3 dxc4 5. a4 Na6 6. e3 Bg4 7. Bxc4 e6 8. O-O Nb4 9. Qe2 a5 10. Rd1 Be7 11. h3 Bxf3 12. Qxf3 O-O 13. Qe2 Qc7 14. e4 Rad8 15. Bg5 h6 16. Bh4 Qb6 17. Bxf6 Bxf6 18. e5 Be7 19. Qe4 Rd7 20. Rd2 Rfd8 21. Rad1 Nd5 22. Bd3 Bg5 23. Qh7+ Kf8 24. Qh8+ Ke7 25. Nxd5+ Rxd5 26. Qxg7 R8d7 27. g3 Qxd4 28. h4 Rxe5 29. hxg5 Re1+ 0-1

[Event "North Bay int."]
[Site "North Bay CAN"]
[Date "1999.08.06"]
[Round "6"]
[White "Xu, Sheng Jun"]
[Black "Zambo, Victor"]
[Result "0-1"]
[WhiteElo "2119"]
[BlackElo "2202"]
[PlyCount "60"]
[GameId "2160767911742668"]
[EventDate "1999.08.04"]
[EventType "swiss"]
[EventRounds "9"]
[EventCountry "CAN"]

1. e4 e6 2. d4 d5 3. Nc3 Bb4 4. e5 c5 5. a3 Bxc3+ 6. bxc3 Ne7 7. Qg4 Nbc6 8. Qxg7 Rg8 9. Qxh7 cxd4 10. Ne2 Qc7 11. f4 Bd7 12. Qd3 dxc3 13. Be3 a6 14. Rb1 b5 15. Qxc3 Rc8 16. a4 b4 17. Qc5 Nf5 18. Bf2 f6 19. exf6 Kf7 20. Qb6 a5 21. Qxc7 Rxc7 22. Rg1 Nd6 23. g4 Ne4 24. g5 e5 25. h4 b3 26. cxb3 Nb4 27. Bb6 Rc2 28. Bxa5 Nd3+ 29. Kd1 Rgc8 30. Be1 Rd2+ 0-1

[Event "North Bay int."]
[Site "North Bay CAN"]
[Date "1999.08.06"]
[Round "6"]
[White "Yee, Lorne"]
[Black "Ciaffone, Robert"]
[Result "1-0"]
[WhiteElo "2084"]
[BlackElo "2197"]
[PlyCount "76"]
[GameId "2160767911742669"]
[EventDate "1999.08.04"]
[EventType "swiss"]
[EventRounds "9"]
[EventCountry "CAN"]
[SourceTitle "EXT 2000"]
[Source "ChessBase"]
[SourceDate "1999.11.18"]
[SourceVersion "1"]
[SourceVersionDate "1999.11.18"]
[SourceQuality "1"]

1. c4 e6 2. Nc3 d5 3. d4 c6 4. cxd5 exd5 5. Nf3 Bf5 6. Bf4 Qb6 7. Qd2 Nd7 8. e3 Ngf6 9. a3 a5 10. Be2 Be7 11. h3 h6 12. O-O O-O 13. Rfc1 Qd8 14. Bd3 Bxd3 15. Qxd3 Re8 16. Rab1 a4 17. Nd2 Bf8 18. Re1 b5 19. f3 Nb6 20. e4 Qd7 21. e5 Nh7 22. Be3 Nc4 23. f4 f5 24. Kh2 Kh8 25. Bf2 Qf7 26. Nxc4 dxc4 27. Qf3 Rac8 28. Rbd1 Red8 29. d5 cxd5 30. Bb6 Re8 31. Rxd5 Be7 32. Nxb5 Nf8 33. Red1 Qe6 34. Nd6 Bxd6 35. Rxd6 Qf7 36. Ba5 Kh7 37. Qe3 Qb7 38. Bb4 Ng6 1-0

[Event "North Bay int."]
[Site "North Bay CAN"]
[Date "1999.08.07"]
[Round "7"]
[White "Baragar, Fletcher"]
[Black "Hergott, Deen"]
[Result "0-1"]
[WhiteElo "2305"]
[BlackElo "2396"]
[PlyCount "44"]
[GameId "2160767911742670"]
[EventDate "1999.08.04"]
[EventType "swiss"]
[EventRounds "9"]
[EventCountry "CAN"]
[SourceTitle "EXT 2000"]
[Source "ChessBase"]
[SourceDate "1999.11.18"]
[SourceVersion "1"]
[SourceVersionDate "1999.11.18"]
[SourceQuality "1"]

1. d4 d5 2. c4 c6 3. Nf3 Nf6 4. Nc3 dxc4 5. a4 Bf5 6. e3 e6 7. Bxc4 Bb4 8. O-O O-O 9. Nh4 Bg4 10. f3 Nd5 11. fxg4 Qxh4 12. Qf3 Nd7 13. g3 Qe7 14. Na2 Ba5 15. b4 Nxb4 16. Ba3 c5 17. Qxb7 Rab8 18. Qe4 Nf6 19. Qf3 Qb7 20. Qxb7 Rxb7 21. Rab1 Rc7 22. Be2 Nxa2 0-1

[Event "North Bay int."]
[Site "North Bay CAN"]
[Date "1999.08.07"]
[Round "7"]
[White "Betaneli, Alexander"]
[Black "Saleh, Maher"]
[Result "1/2-1/2"]
[WhiteElo "2261"]
[BlackElo "2220"]
[PlyCount "158"]
[GameId "2160767911742671"]
[EventDate "1999.08.04"]
[EventType "swiss"]
[EventRounds "9"]
[EventCountry "CAN"]
[SourceTitle "EXT 2000"]
[Source "ChessBase"]
[SourceDate "1999.11.18"]
[SourceVersion "1"]
[SourceVersionDate "1999.11.18"]
[SourceQuality "1"]

1. c4 Nf6 2. Nc3 d5 3. cxd5 Nxd5 4. g3 g6 5. Bg2 Nb6 6. d3 Bg7 7. Be3 Nc6 8. Qd2 h5 9. Nf3 O-O 10. Bh6 Re8 11. Bxg7 Kxg7 12. Ne4 a5 13. Rc1 e5 14. O-O Nd4 15. Nh4 c6 16. Nc5 Nd5 17. e3 Ne6 18. Nf3 f6 19. Rfd1 Qb6 20. Na4 Qb4 21. Nc3 Nec7 22. e4 Nb6 23. h3 Rd8 24. a3 Qe7 25. Qe3 Nd7 26. Na4 Ne6 27. d4 exd4 28. Nxd4 Ndf8 29. Nb6 Rb8 30. Nb3 a4 31. Nxa4 Bd7 32. f4 Nc7 33. Nac5 Be8 34. Rxd8 Qxd8 35. e5 fxe5 36. Qxe5+ Kg8 37. Ne4 Nd5 38. Nbc5 Nd7 39. Nxd7 Bxd7 40. Rd1 Qb6+ 41. Kh2 Re8 42. Nf6+ Nxf6 43. Qxf6 Re6 44. Qc3 Be8 45. Re1 Rxe1 46. Qxe1 Bf7 47. Qe5 Qf2 48. Kh1 Qxg3 49. Qb8+ Kh7 50. Qxb7 Qxf4 51. Qxc6 h4 52. b4 Qe5 53. Qe4 Qa1+ 54. Kh2 Qxa3 55. Qxh4+ Kg8 56. Qd8+ Kh7 57. Qd4 Qb3 58. h4 Kg8 59. Qf4 Qb2 60. Qe4 Kg7 61. Kg3 Kg8 62. Bf3 Kg7 63. Qf4 Qb1 64. Qe5+ Kh7 65. b5 Qg1+ 66. Bg2 Qb6 67. Qg5 Bc4 68. Bc6 Qg1+ 69. Kf3 Qf1+ 70. Ke3 Qd3+ 71. Kf4 Qd6+ 72. Ke4 Qd3+ 73. Ke5 Bxb5 74. Qe7+ Kh6 75. Qf8+ Kh7 76. Qf7+ Kh6 77. Qf4+ Kh7 78. Be4 Qc3+ 79. Kd6 Qb4+ 1/2-1/2

[Event "North Bay int."]
[Site "North Bay CAN"]
[Date "1999.08.07"]
[Round "7"]
[White "Boehmer, Kris"]
[Black "Wenaas, Eric"]
[Result "0-1"]
[WhiteElo "2154"]
[BlackElo "2156"]
[PlyCount "50"]
[GameId "2160767911742672"]
[EventDate "1999.08.04"]
[EventType "swiss"]
[EventRounds "9"]
[EventCountry "CAN"]

1. d4 d5 2. Nf3 Nf6 3. e3 e6 4. Bd3 c5 5. c3 Nc6 6. Nbd2 Bd6 7. O-O O-O 8. Qe2 e5 9. dxc5 Bxc5 10. e4 Bg4 11. exd5 Nxd5 12. Ne4 Bb6 13. h3 Bf5 14. Rd1 Qc7 15. Nh4 Bxe4 16. Bxe4 Nf6 17. Bc2 e4 18. Bg5 Qe5 19. Bxf6 Qxf6 20. g3 Rfe8 21. Ng2 Qh6 22. Bxe4 Qxh3 23. Rd5 Qxg3 24. Re1 Rxe4 25. Qxe4 Bxf2+ 0-1

[Event "North Bay int."]
[Site "North Bay CAN"]
[Date "1999.08.07"]
[Round "7"]
[White "Chiong, Luiz"]
[Black "Divljan, Igor"]
[Result "1-0"]
[WhiteElo "2387"]
[BlackElo "2165"]
[PlyCount "63"]
[GameId "2160767911742674"]
[EventDate "1999.08.04"]
[EventType "swiss"]
[EventRounds "9"]
[EventCountry "CAN"]

1. d4 Nf6 2. c4 e6 3. Nc3 Bb4 4. e3 c5 5. a3 Bxc3+ 6. bxc3 O-O 7. Bd3 d5 8. cxd5 exd5 9. f3 Nc6 10. Ne2 Re8 11. O-O Qc7 12. g4 cxd4 13. cxd4 h6 14. Ng3 Ne7 15. Ra2 Bd7 16. Qe1 Rac8 17. Bd2 Ng6 18. Qf2 a6 19. Nf5 Ne7 20. Nxe7+ Rxe7 21. Rc1 Qb6 22. Rb1 Qc7 23. Rc2 Bc6 24. Qh4 Qd8 25. g5 hxg5 26. Qxg5 Ba4 27. Rcb2 b5 28. Bb4 Rec7 29. Rg2 Rc1+ 30. Rxc1 Rxc1+ 31. Kf2 g6 32. Bxg6 1-0

[Event "North Bay int."]
[Site "North Bay CAN"]
[Date "1999.08.07"]
[Round "7"]
[White "Day, Lawrence"]
[Black "Mulyar, Michael"]
[Result "1-0"]
[WhiteElo "2319"]
[BlackElo "2410"]
[PlyCount "95"]
[GameId "2160767911742676"]
[EventDate "1999.08.04"]
[EventType "swiss"]
[EventRounds "9"]
[EventCountry "CAN"]
[SourceTitle "EXT 2000"]
[Source "ChessBase"]
[SourceDate "1999.11.18"]
[SourceVersion "1"]
[SourceVersionDate "1999.11.18"]
[SourceQuality "1"]

1. e4 Nf6 2. Nc3 e6 3. d4 d5 4. Bg5 Bb4 5. Nge2 dxe4 6. a3 Be7 7. Bxf6 Bxf6 8. Nxe4 O-O 9. Qd2 e5 10. Nxf6+ Qxf6 11. d5 Rd8 12. Nc3 Nc6 13. O-O-O Ne7 14. Bc4 Bf5 15. f4 Nc8 16. fxe5 Qxe5 17. Rde1 Qd6 18. g4 Bg6 19. h4 Nb6 20. Bb3 h6 21. h5 Bh7 22. Qf2 a6 23. Rhf1 Rf8 24. Qe3 Nd7 25. g5 hxg5 26. Qxg5 Rae8 27. Kb1 Re5 28. Rxe5 Qxe5 29. Qh4 Nf6 30. h6 Qh5 31. Qg3 Qxh6 32. Qxc7 Qh3 33. Rxf6 gxf6 34. d6 Bf5 35. Qxb7 Be6 36. Nd5 Kg7 37. Ka2 Qf5 38. Nb6 Bxb3+ 39. cxb3 Qe5 40. d7 Rd8 41. Qxa6 Kf8 42. Qc8 Ke7 43. Qc6 Kf8 44. a4 Kg7 45. Qc8 Qe7 46. a5 Rf8 47. a6 Qb4 48. Qxf8+ 1-0

[Event "North Bay int."]
[Site "North Bay CAN"]
[Date "1999.08.07"]
[Round "7"]
[White "Del Pilar, Reynaldo"]
[Black "Kuczaj, Chris"]
[Result "1-0"]
[WhiteElo "2270"]
[BlackElo "2171"]
[PlyCount "48"]
[GameId "2160767911742677"]
[EventDate "1999.08.04"]
[EventType "swiss"]
[EventRounds "9"]
[EventCountry "CAN"]

1. e4 c6 2. Nc3 d5 3. Nf3 Bg4 4. h3 Bh5 5. exd5 cxd5 6. Bb5+ Nc6 7. g4 Bg6 8. Ne5 Rc8 9. d4 Nf6 10. h4 Ne4 11. h5 Nxc3 12. bxc3 Be4 13. f3 Qa5 14. Bxc6+ bxc6 15. fxe4 Qxc3+ 16. Bd2 Qxd4 17. Nf3 Qxe4+ 18. Kf2 e6 19. Be3 c5 20. c3 Bd6 21. Nd2 Qd3 22. Qa4+ Ke7 23. Rh3 f6 24. Qxa7+ Rc7 1-0

[Event "North Bay int."]
[Site "North Bay CAN"]
[Date "1999.08.07"]
[Round "7"]
[White "Djerkovic, Miladin"]
[Black "St Amand, Paul Jr"]
[Result "1-0"]
[WhiteElo "2201"]
[BlackElo "2160"]
[PlyCount "79"]
[GameId "2160767911742678"]
[EventDate "1999.08.04"]
[EventType "swiss"]
[EventRounds "9"]
[EventCountry "CAN"]
[SourceTitle "EXT 2000"]
[Source "ChessBase"]
[SourceDate "1999.11.18"]
[SourceVersion "1"]
[SourceVersionDate "1999.11.18"]
[SourceQuality "1"]

1. e4 c5 2. Nf3 d6 3. d4 cxd4 4. Nxd4 Nf6 5. Nc3 a6 6. Be2 e5 7. Nb3 Be7 8. O-O O-O 9. f4 exf4 10. Bxf4 Nbd7 11. Qd4 Qc7 12. Rad1 Ne5 13. Nd2 Be6 14. Nf3 Nfd7 15. Kh1 Nxf3 16. gxf3 Ne5 17. Rg1 Rfd8 18. Bh6 Bf6 19. Rxg7+ Kh8 20. Rg3 Ng4 21. Qxf6+ Nxf6 22. Bg7+ Kg8 23. Bxf6+ Kf8 24. Rdg1 Ke8 25. Nb5 Qb6 26. a4 Kd7 27. Bd4 Qc6 28. Bd3 Bc4 29. Nc3 Be6 30. b3 Rac8 31. f4 Kc7 32. Rg7 Kb8 33. R1g2 Re8 34. Kg1 f5 35. exf5 Bd5 36. Nxd5 Qxd5 37. c3 Qf3 38. Bf1 Qxf4 39. Rf2 Qh6 40. f6 1-0

[Event "North Bay int."]
[Site "North Bay CAN"]
[Date "1999.08.07"]
[Round "7"]
[White "Fernandez, Daniel"]
[Black "Campbell, Brett"]
[Result "1-0"]
[WhiteElo "2057"]
[BlackElo "2197"]
[PlyCount "63"]
[GameId "2160767911742679"]
[EventDate "1999.08.04"]
[EventType "swiss"]
[EventRounds "9"]
[EventCountry "CAN"]
[SourceTitle "EXT 2000"]
[Source "ChessBase"]
[SourceDate "1999.11.18"]
[SourceVersion "1"]
[SourceVersionDate "1999.11.18"]
[SourceQuality "1"]

1. e4 g6 2. d4 Bg7 3. Nc3 c6 4. Nf3 d6 5. h3 Nf6 6. Bd3 O-O 7. Be3 e5 8. O-O Nbd7 9. Qd2 Qe7 10. Rfe1 Ne8 11. Bg5 f6 12. Be3 Nc7 13. a4 Kh8 14. Bc4 f5 15. dxe5 dxe5 16. exf5 gxf5 17. Bg5 Qb4 18. Bb3 a5 19. Bh6 e4 20. Bxg7+ Kxg7 21. Qg5+ Kh8 22. Nh4 Nf6 23. Qh6 Be6 24. Ng6+ Kg8 25. Nxf8 Rxf8 26. Qg5+ Kh8 27. Bxe6 Nxe6 28. Qxf5 Nd4 29. Qe5 Nxc2 30. Rxe4 Qb6 31. Rd1 Nb4 32. Rd6 1-0

[Event "North Bay int."]
[Site "North Bay CAN"]
[Date "1999.08.07"]
[Round "7"]
[White "Filipovich, David"]
[Black "Duong, Thanh Nha"]
[Result "1/2-1/2"]
[WhiteElo "2236"]
[BlackElo "2332"]
[PlyCount "52"]
[GameId "2160767911742680"]
[EventDate "1999.08.04"]
[EventType "swiss"]
[EventRounds "9"]
[EventCountry "CAN"]
[SourceTitle "EXT 2000"]
[Source "ChessBase"]
[SourceDate "1999.11.18"]
[SourceVersion "1"]
[SourceVersionDate "1999.11.18"]
[SourceQuality "1"]

1. Nf3 Nf6 2. g3 d5 3. Bg2 Bg4 4. c4 c6 5. Ne5 Bh5 6. cxd5 cxd5 7. Nc3 e6 8. Qa4+ Nbd7 9. g4 Bg6 10. h4 h6 11. Nxg6 fxg6 12. Qc2 Kf7 13. g5 hxg5 14. hxg5 Rxh1+ 15. Bxh1 Nh7 16. d4 Qc7 17. e4 Qh2 18. Bf3 Nb6 19. exd5 exd5 20. Nxd5 Re8+ 21. Kf1 Qh3+ 22. Bg2 Qe6 23. Ne3 Nxg5 24. Qb3 Rd8 25. Bd2 Rxd4 26. Bc3 Rd7 1/2-1/2

[Event "North Bay int."]
[Site "North Bay CAN"]
[Date "1999.08.07"]
[Round "7"]
[White "Glinert, Stephen"]
[Black "Steigman, AJ."]
[Result "1-0"]
[WhiteElo "2191"]
[BlackElo "2226"]
[PlyCount "121"]
[GameId "2160767911742681"]
[EventDate "1999.08.04"]
[EventType "swiss"]
[EventRounds "9"]
[EventCountry "CAN"]
[SourceTitle "EXT 2000"]
[Source "ChessBase"]
[SourceDate "1999.11.18"]
[SourceVersion "1"]
[SourceVersionDate "1999.11.18"]
[SourceQuality "1"]

1. e4 c5 2. Nc3 Nc6 3. g3 g6 4. Bg2 Bg7 5. d3 d6 6. Be3 Rb8 7. Qd2 b5 8. Nge2 b4 9. Nd1 Nd4 10. O-O e6 11. Nc1 Ne7 12. c3 bxc3 13. bxc3 Ndc6 14. Bh6 O-O 15. Bxg7 Kxg7 16. Ne3 Bb7 17. Nb3 a5 18. a4 Ba6 19. Rfb1 e5 20. f4 f6 21. Rb2 Qc7 22. f5 g5 23. Rab1 Rb7 24. d4 cxd4 25. cxd4 Rfb8 26. dxe5 dxe5 27. Nc5 Rxb2 28. Ne6+ Kh8 29. Rxb2 Rxb2 30. Qxb2 Qb8 31. Qxb8+ Nxb8 32. Nc5 Nec6 33. Bf1 Bxf1 34. Kxf1 Nd4 35. Nc4 Nbc6 36. Nb7 g4 37. Ncxa5 Nxa5 38. Nxa5 Nf3 39. Nc6 Nd2+ 40. Ke2 Nxe4 41. a5 Nd6 42. Kd3 Kg7 43. a6 e4+ 44. Ke2 Nc4 45. a7 Nb6 46. Ke3 Kf7 47. Kxe4 Ke8 48. Nb4 Na8 49. Nd5 Kf7 50. Kd4 h5 51. Kc5 Kg7 52. Kc6 Kh6 53. Kb7 Kg5 54. Ne3 h4 55. Kxa8 hxg3 56. hxg3 Kh6 57. Kb7 Kg7 58. a8=Q Kf7 59. Kc7 Kg7 60. Kd7 Kh6 61. Qh8+ 1-0

[Event "North Bay int."]
[Site "North Bay CAN"]
[Date "1999.08.07"]
[Round "7"]
[White "Goldenberg, Danny"]
[Black "Miezis, Normunds"]
[Result "1/2-1/2"]
[WhiteElo "2234"]
[BlackElo "2524"]
[PlyCount "115"]
[GameId "2160767911742682"]
[EventDate "1999.08.04"]
[EventType "swiss"]
[EventRounds "9"]
[EventCountry "CAN"]
[SourceTitle "EXT 2000"]
[Source "ChessBase"]
[SourceDate "1999.11.18"]
[SourceVersion "1"]
[SourceVersionDate "1999.11.18"]
[SourceQuality "1"]

1. e4 c5 2. Nf3 e6 3. d4 cxd4 4. Nxd4 a6 5. Bd3 Nc6 6. Nxc6 dxc6 7. Nd2 e5 8. Qh5 Bd6 9. Nc4 Nf6 10. Nxd6+ Qxd6 11. Qe2 Be6 12. O-O Nd7 13. Rd1 Qe7 14. b3 O-O 15. a4 Rfd8 16. Ba3 Qg5 17. Qd2 Qh4 18. Qe3 Nf6 19. Qg3 Qh5 20. f3 Nd7 21. Be7 Re8 22. Qg5 Qxg5 23. Bxg5 Rac8 24. Be3 Rc7 25. Rd2 c5 26. Rad1 Nf8 27. Be2 f6 28. a5 Kf7 29. c4 Rec8 30. f4 exf4 31. Bxf4 Rd7 32. Rxd7+ Nxd7 33. Kf2 Ne5 34. Bxe5 fxe5 35. Kg3 Rc6 36. Bg4 b6 37. Ra1 Rd6 38. Bxe6+ Kxe6 39. axb6 Rxb6 40. Kg4 h6 41. h4 g6 42. Ra3 Kf6 43. h5 Kg7 44. Ra5 Rc6 45. Kh4 Kf7 46. Kg4 Ke7 47. Kh4 Kf6 48. Kg4 Kg7 49. Kh4 g5+ 50. Kg4 Kf6 51. Kf3 Ke7 52. Kg4 Ke6 53. g3 Kf6 54. Kh3 Ke7 55. Kg4 Ke6 56. Kh3 Ke7 57. Kg4 Ke6 58. Kh3 1/2-1/2

[Event "North Bay int."]
[Site "North Bay CAN"]
[Date "1999.08.07"]
[Round "7"]
[White "Hum, Peter"]
[Black "Xu, Sheng Jun"]
[Result "0-1"]
[WhiteElo "2255"]
[BlackElo "2119"]
[PlyCount "75"]
[GameId "2160767911742683"]
[EventDate "1999.08.04"]
[EventType "swiss"]
[EventRounds "9"]
[EventCountry "CAN"]

1. d4 Nf6 2. c4 g6 3. Nc3 Bg7 4. e4 O-O 5. f3 d6 6. Bg5 c5 7. d5 Na6 8. Nge2 Nc7 9. Ng3 a6 10. Qd2 Re8 11. Be2 Rb8 12. Rc1 b5 13. b3 b4 14. Nd1 e6 15. O-O exd5 16. exd5 Ra8 17. Nf2 a5 18. Qf4 Re5 19. Nfe4 Rxg5 20. Qxg5 a4 21. Bd3 axb3 22. axb3 Ra3 23. Bc2 Ra2 24. Rfe1 h6 25. Qf4 Nxe4 26. Qxe4 Kf8 27. Kh1 h5 28. Re2 h4 29. Nf1 Bb2 30. Rb1 Bf5 31. Qf4 Be5 32. Qc1 h3 33. g3 Qf6 34. Qh6+ Kg8 35. Rbe1 Rxc2 36. Rxc2 Bxc2 37. Qxh3 Qxf3+ 38. Qg2 0-1

[Event "North Bay int."]
[Site "North Bay CAN"]
[Date "1999.08.07"]
[Round "7"]
[White "Hummel, Patrick"]
[Black "Paragua, Mark"]
[Result "1/2-1/2"]
[WhiteElo "2330"]
[BlackElo "2268"]
[PlyCount "62"]
[GameId "2160767911742684"]
[EventDate "1999.08.04"]
[EventType "swiss"]
[EventRounds "9"]
[EventCountry "CAN"]
[SourceTitle "EXT 2000"]
[Source "ChessBase"]
[SourceDate "1999.11.18"]
[SourceVersion "1"]
[SourceVersionDate "1999.11.18"]
[SourceQuality "1"]

1. d4 c5 2. d5 Nf6 3. Nc3 d6 4. e4 g6 5. Be2 Na6 6. Nf3 Bg7 7. O-O Nc7 8. Nd2 O-O 9. a4 Rb8 10. Nc4 b6 11. Rb1 Bb7 12. Bf4 Qd7 13. Re1 Ba8 14. Qd2 a6 15. b4 cxb4 16. Rxb4 Nxe4 17. Nxe4 Nxd5 18. Rb3 Qf5 19. Bxd6 exd6 20. Nexd6 Qd7 21. Bf3 b5 22. axb5 axb5 23. Bxd5 Bxd5 24. Qxd5 bxc4 25. Rf3 Rbd8 26. Rd1 Rfe8 27. Nxe8 Qxd5 28. Rxd5 Rxd5 29. Kf1 Rd2 30. Nxg7 Kxg7 31. Rc3 Rd4 1/2-1/2

[Event "North Bay int."]
[Site "North Bay CAN"]
[Date "1999.08.07"]
[Round "7"]
[White "Mikanovic, Goran"]
[Black "Peredun, Andrew"]
[Result "1-0"]
[WhiteElo "2310"]
[BlackElo "2222"]
[PlyCount "107"]
[GameId "2160767911742685"]
[EventDate "1999.08.04"]
[EventType "swiss"]
[EventRounds "9"]
[EventCountry "CAN"]

1. d4 Nf6 2. c4 e6 3. Nc3 Bb4 4. Qc2 Bxc3+ 5. Qxc3 Ne4 6. Qc2 f5 7. Nf3 O-O 8. g3 d6 9. Bg2 Nd7 10. O-O Ndf6 11. Ne1 h6 12. Nd3 Qe8 13. b3 Bd7 14. f3 Ng5 15. Bb2 Nf7 16. Nf4 Nh8 17. e4 Ng6 18. Nxg6 Qxg6 19. exf5 exf5 20. Rfe1 Rae8 21. d5 Nh5 22. f4 Nf6 23. Qf2 b6 24. Qd4 Rxe1+ 25. Rxe1 Re8 26. Re3 Rxe3 27. Qxe3 Qe8 28. Qxe8+ Nxe8 29. Kf2 Kf7 30. Bd4 a5 31. Bf3 Nf6 32. h3 g5 33. h4 g4 34. Bg2 Kg6 35. a3 Ne4+ 36. Bxe4 fxe4 37. Ke3 h5 38. Kxe4 Bf5+ 39. Ke3 Kf7 40. b4 axb4 41. axb4 Ke7 42. Bc3 Kd7 43. Bf6 Ke8 44. Kd4 Kd7 45. c5 bxc5+ 46. bxc5 Kc8 47. Kc4 Kb7 48. Be7 dxc5 49. Bxc5 c6 50. d6 Kc8 51. Kd4 Kd7 52. Ke5 Bc2 53. Kf6 Bb3 54. Kg6 1-0

[Event "North Bay int."]
[Site "North Bay CAN"]
[Date "1999.08.07"]
[Round "7"]
[White "Nickoloff, Bryon"]
[Black "Tyomkin, Dimitri"]
[Result "1/2-1/2"]
[WhiteElo "2421"]
[BlackElo "2495"]
[PlyCount "46"]
[GameId "2160767911742686"]
[EventDate "1999.08.04"]
[EventType "swiss"]
[EventRounds "9"]
[EventCountry "CAN"]
[SourceTitle "EXT 2000"]
[Source "ChessBase"]
[SourceDate "1999.11.18"]
[SourceVersion "1"]
[SourceVersionDate "1999.11.18"]
[SourceQuality "1"]

1. d4 Nf6 2. c4 e6 3. Nf3 Bb4+ 4. Nbd2 b6 5. a3 Bxd2+ 6. Qxd2 Bb7 7. g3 d5 8. cxd5 Bxd5 9. Bg2 Nbd7 10. b4 c5 11. dxc5 bxc5 12. O-O O-O 13. Bb2 Qe7 14. Qe3 Rfc8 15. bxc5 Qxc5 16. Bd4 Qa5 17. Rfc1 Rxc1+ 18. Rxc1 h6 19. Qc3 Qa4 20. Ne5 Nxe5 21. Bxe5 Bxg2 22. Kxg2 Nd5 23. Qf3 Rd8 1/2-1/2